<?xml version="1.0" encoding="UTF-8"?>
<record
    xmlns:xsi="http://www.w3.org/2001/XMLSchema-instance"
    xsi:schemaLocation="http://www.loc.gov/MARC21/slim http://www.loc.gov/standards/marcxml/schema/MARC21slim.xsd"
    xmlns="http://www.loc.gov/MARC21/slim">

  <leader>01390nam a22002537a 4500</leader>
  <controlfield tag="005">20250409102437.0</controlfield>
  <controlfield tag="008">250409b        |||||||| |||| 00| 0 eng d</controlfield>
  <datafield tag="020" ind1=" " ind2=" ">
    <subfield code="a">9780007160068</subfield>
  </datafield>
  <datafield tag="040" ind1=" " ind2=" ">
    <subfield code="c">AL</subfield>
  </datafield>
  <datafield tag="041" ind1=" " ind2=" ">
    <subfield code="a">English</subfield>
  </datafield>
  <datafield tag="082" ind1=" " ind2=" ">
    <subfield code="2">23</subfield>
    <subfield code="a">650.1</subfield>
    <subfield code="b">BLAO</subfield>
  </datafield>
  <datafield tag="100" ind1=" " ind2=" ">
    <subfield code="a">Ken Blanchard</subfield>
    <subfield code="9">208012</subfield>
  </datafield>
  <datafield tag="245" ind1=" " ind2=" ">
    <subfield code="a">One Minute Apology: A Powerful Way to Make Things Better</subfield>
  </datafield>
  <datafield tag="260" ind1=" " ind2=" ">
    <subfield code="a">London</subfield>
    <subfield code="b">HarperCollins Publishers</subfield>
    <subfield code="c">2004</subfield>
  </datafield>
  <datafield tag="300" ind1=" " ind2=" ">
    <subfield code="a">xi,115 p.</subfield>
    <subfield code="b">PB</subfield>
    <subfield code="c">19.5x13 cm.</subfield>
  </datafield>
  <datafield tag="365" ind1=" " ind2=" ">
    <subfield code="a">IN-85368</subfield>
    <subfield code="b">&#x20B9;230.91</subfield>
    <subfield code="c">&#x20B9;</subfield>
    <subfield code="d">&#x20B9;230.91</subfield>
    <subfield code="f">19-03-2025</subfield>
  </datafield>
  <datafield tag="520" ind1=" " ind2=" ">
    <subfield code="a">The One Minute Apology can help beyond the business realm and help you improve your personal relationships as well. The Young Man in this title wants to help his mentor deal with some critical mistakes he has committed. For this, he looks up to the One Minute Manager for advice, and his weekend becomes an enlightening experience. The Young Man learns how important it is to apologize when necessary and how effectively it improves several situations when egos clash. The authors discuss in this book how to own up to mistakes, accept responsibility, be accountable and deal with the very cause of the damage to keep a sincere sense of integrity.</subfield>
  </datafield>
  <datafield tag="650" ind1=" " ind2=" ">
    <subfield code="a">Business</subfield>
    <subfield code="9">208013</subfield>
  </datafield>
  <datafield tag="650" ind1=" " ind2=" ">
    <subfield code="a">Management</subfield>
    <subfield code="9">208014</subfield>
  </datafield>
  <datafield tag="650" ind1=" " ind2=" ">
    <subfield code="a">Economics</subfield>
    <subfield code="9">208015</subfield>
  </datafield>
  <datafield tag="700" ind1=" " ind2=" ">
    <subfield code="a">MCBRIDE(Margret)</subfield>
    <subfield code="9">208016</subfield>
  </datafield>
  <datafield tag="700" ind1=" " ind2=" ">
    <subfield code="a">JOHNSON (Spencer)</subfield>
    <subfield code="9">208017</subfield>
  </datafield>
  <datafield tag="942" ind1=" " ind2=" ">
    <subfield code="2">ddc</subfield>
    <subfield code="c">BK</subfield>
  </datafield>
  <datafield tag="999" ind1=" " ind2=" ">
    <subfield code="c">234130</subfield>
    <subfield code="d">234130</subfield>
  </datafield>
  <datafield tag="952" ind1=" " ind2=" ">
    <subfield code="0">0</subfield>
    <subfield code="1">0</subfield>
    <subfield code="2">ddc</subfield>
    <subfield code="4">0</subfield>
    <subfield code="7">0</subfield>
    <subfield code="8">PHY</subfield>
    <subfield code="a">AL</subfield>
    <subfield code="b">AL</subfield>
    <subfield code="d">2025-03-29</subfield>
    <subfield code="e">amazon.in</subfield>
    <subfield code="g">230.91</subfield>
    <subfield code="l">0</subfield>
    <subfield code="o">650.1 BLAO</subfield>
    <subfield code="p">077647</subfield>
    <subfield code="r">2025-04-09 10:26:44</subfield>
    <subfield code="v">230.91</subfield>
    <subfield code="y">BK</subfield>
  </datafield>
</record>
